SVETOVÝ OBCHOD POTREBUJE CELOSVETOVÉ NORMY : Posolstvo k Svetovému dňu normalizácie 14. október 1997

Bibliographic Details
Main Authors: Liew, Mun Leong (Author), Falk, Bernard H. (Author), Tarjanne, Pekka (Author)
Format: Article
Language:Slovak

MARC

LEADER 00000nab a2200000 a 4500
001 vtls010706305
003 SK-MaSNL
005 20260304185740.0
008 250709s1997 xo |||||||||||||||||slo|
035 |a (urnnbn)urn:nbn:sk:snk:ar-a0412w 
035 |a (uuid)ecc37a1d-931e-497c-9153-6ad61b9f875a 
035 |a urn:nbn:sk:snk-ab3anj 
040 |a SNKBUCL  |b slo  |c SNKBUCL  |e AACR2 
041 0 |a slo 
044 |a xo  |c SK 
100 1 |a Liew, Mun Leong  |4 aut  |9 1520312 
245 1 0 |a SVETOVÝ OBCHOD POTREBUJE CELOSVETOVÉ NORMY :  |b Posolstvo k Svetovému dňu normalizácie 14. október 1997  |c Liew Mun Leong, Bernard H. Falk, Pekka Tarjanne 
700 1 |a Falk, Bernard H.  |4 aut  |9 1520313 
700 1 |a Tarjanne, Pekka  |4 aut  |9 1520343 
773 0 |t Normalizácia : odborný časopis pre technickú normalizáciu  |g Roč. 2, č. 4 (1997), s. 2-3 
850 |a Slovenská národná knižnica 
852 |a Slovenská národná knižnica 
954 |a odborná, vedecká literatúra cudzojazyčná (svetová)  |2 lita 
958 |a article1 
958 |a OND 
958 |a EUIPO 
999 |c 3045776  |d 3047706